Loading...
| Literature - American | 0 | 8 | 0 | 0 | 80 | 35 | 62.50 | 2 | 6 | 35.46 | 58.21 |
| Literature - British | 0 | 6 | 0 | 0 | 60 | 33 | 64.50 | 1 | 4 | 25.81 | 44.64 |
| Literature - European | 0 | 5 | 0 | 0 | 50 | 47 | 68.20 | 1 | 5 | 20.65 | 38.39 |
| Science - Chemistry | 0 | 4 | 0 | 1 | 40 | 49 | 70.00 | 1 | 2 | 13.13 | 28.75 |
| Science - Biology | 0 | 4 | 0 | 0 | 40 | 55 | 71.00 | 0 | 0 | 10.97 | 18.75 |
| Literature - World | 0 | 4 | 0 | 0 | 40 | 49 | 64.50 | 0 | 2 | 17.21 | 25.00 |
| Philosophy | 0 | 3 | 0 | 0 | 30 | 63 | 83.67 | 0 | 3 | 11.76 | 31.63 |
| Religion | 0 | 3 | 0 | 1 | 30 | 82 | 99.67 | 1 | 1 | 4.06 | 16.96 |
| Science - Physics | 0 | 2 | 0 | 0 | 20 | 80 | 80.00 | 0 | 0 | 5.09 | 8.75 |
| Mythology | 0 | 2 | 0 | 1 | 20 | 71 | 89.00 | 0 | 0 | 4.12 | 4.11 |
| Social Science | 0 | 1 | 0 | 1 | 10 | 106 | 106.00 | 0 | 0 | 0.00 | 1.79 |
| History - American | 0 | 1 | 0 | 0 | 10 | 70 | 70.00 | 0 | 1 | 3.00 | 7.50 |
| History - Other | 0 | 1 | 0 | 0 | 10 | 76 | 76.00 | 0 | 1 | 3.33 | 8.75 |
| History - World | 0 | 1 | 0 | 0 | 10 | 40 | 40.00 | 0 | 1 | 6.15 | 7.14 |
| Pop Culture | 0 | 1 | 0 | 0 | 10 | 36 | 36.00 | 0 | 0 | 16.82 | 14.29 |
| Fine Arts - Other | 0 | 1 | 0 | 1 | 10 | 108 | 108.00 | 0 | 0 | 0.53 | 1.25 |